[Event "Luxembourg-chT 1112"]
[Site "Luxembourg"]
[Date "2011.10.??"]
[Round "1"]
[White "Oberweis, Paul"]
[Black "Muller, Guy"]
[Result "1-0"]
[WhiteElo "2072"]
[BlackElo "2086"]
[PlyCount "83"]
[EventDate "2011.10.??"]
[EventType "team-tourn"]
[EventRounds "10"]
[EventCountry "LUX"]
[SourceTitle "EXT 2017"]
[Source "ChessBase"]
[SourceDate "2016.10.25"]
[SourceVersion "1"]
[SourceVersionDate "2016.10.25"]
[SourceQuality "1"]

1. e4 e6 2. d4 d5 3. Nc3 Be7 4. Bd3 Nc6 5. Nf3 Nb4 6. Be2 dxe4 7. Nxe4 Nf6 8. Nxf6+ Bxf6 9. 0-0 Nd5 10. Ne5 0-0 11. f4 c5 12. c4 Ne7 13. dxc5 Qa5 14. Be3 Nf5 15. Bf2 Rd8 16. Qe1 Qc7 17. Qc3 Bd7 18. Bf3 Nh4 19. Be4 Ng6 20. Bxg6 hxg6 21. Rad1 Bc6 22. Qe3 b6 23. cxb6 axb6 24. Qxb6 Bxe5 25. fxe5 Qxb6 26. Bxb6 Rdb8 27. Bd4 Rxa2 28. Ra1 Rxa1 29. Rxa1 Rd8 30. Bc3 Be4 31. Kf2 Rc8 32. Ra4 Bc2 33. Rb4 Bd3 34. b3 Bc2 35. Ke3 Ra8 36. c5 Kf8 37. c6 Rc8 38. Rb6 Bxb3 39. Rxb3 Rxc6 40. Rb8+ Ke7 41. Bb4+ Kd7 42. Rb7+ 1-0

[Event "Luxembourg-ch"]
[Site "Luxembourg"]
[Date "1999.04.05"]
[Round "3"]
[White "Muller, Guy"]
[Black "Spartz, Gaston"]
[Result "0-1"]
[WhiteElo "1696"]
[BlackElo "1930"]
[PlyCount "80"]
[EventDate "1999.04.03"]
[EventType "swiss"]
[EventRounds "9"]
[EventCountry "LUX"]
[SourceTitle "EXT 2005"]
[Source "ChessBase"]
[SourceDate "2004.11.15"]
[SourceVersion "1"]
[SourceVersionDate "2004.11.15"]
[SourceQuality "1"]

1. e4 d6 2. d4 g6 3. Nc3 Bg7 4. f3 Nf6 5. Be3 b6 6. Bd3 Nbd7 7. d5 Nc5 8. Bd4 e5 9. dxe6 Nxe6 10. Bb5+ Bd7 11. Bxd7+ Qxd7 12. Bxf6 Bxf6 13. Nge2 Rd8 14. Nd5 Bg7 15. c3 c6 16. Nb4 a5 17. Nc2 d5 18. Ncd4 dxe4 19. Qa4 exf3 20. Nxf3 Nc5 21. Qc2 Qd3 22. Qxd3 Nxd3+ 23. Kf1 Nxb2 24. Rb1 Rd1+ 25. Rxd1 Nxd1 26. g4 Nxc3 27. Nxc3 Bxc3 28. Kg2 b5 29. Rc1 b4 30. Ng5 Bd2 31. Rc5 Bxg5 32. Rxg5 Kd7 33. Rxa5 Rc8 34. Kf3 Kd6 35. Ra7 Rc7 36. Rxc7 Kxc7 37. Ke4 f6 38. Kd4 Kd6 39. Kc4 c5 40. h3 f5 0-1

[Event "LUX-chABC"]
[Site "Dudelange"]
[Date "1998.04.17"]
[Round "7.22"]
[White "Kalkanci, Sevket"]
[Black "Muller, Guy"]
[Result "1-0"]
[WhiteElo "1845"]
[BlackElo "1625"]
[PlyCount "49"]
[EventDate "1998.04.11"]
[EventType "swiss"]
[EventRounds "9"]
[EventCountry "LUX"]
[SourceTitle "EXT 2013"]
[Source "ChessBase"]
[SourceDate "2012.11.22"]
[SourceVersion "1"]
[SourceVersionDate "2012.11.22"]
[SourceQuality "1"]

1. e4 e6 2. d4 d5 3. Nc3 Nf6 4. e5 Nfd7 5. f4 c5 6. Nf3 Nc6 7. Be3 cxd4 8. Nxd4 Qb6 9. Na4 Qa5+ 10. c3 Nxd4 11. Bxd4 b5 12. b4 Qxa4 13. Qxa4 bxa4 14. Bb5 a5 15. Bc6 Ra6 16. b5 Rxc6 17. bxc6 Nc5 18. Rb1 Be7 19. Rb8 0-0 20. Bxc5 Bxc5 21. Ra8 Bb6 22. Kd2 Re8 23. Rb1 Bc7 24. Ra7 Ba6 25. Rxa6 1-0

[Event "LUX-chABC"]
[Site "Dudelange"]
[Date "1998.04.12"]
[Round "2.34"]
[White "Muller, Guy"]
[Black "Mertz, Pascal"]
[Result "1/2-1/2"]
[WhiteElo "1625"]
[BlackElo "1575"]
[PlyCount "110"]
[EventDate "1998.04.11"]
[EventType "swiss"]
[EventRounds "9"]
[EventCountry "LUX"]
[SourceTitle "EXT 2013"]
[Source "ChessBase"]
[SourceDate "2012.11.22"]
[SourceVersion "1"]
[SourceVersionDate "2012.11.22"]
[SourceQuality "1"]

1. d4 Nf6 2. c4 c5 3. d5 b5 4. b3 bxc4 5. bxc4 e6 6. Nc3 Bb7 7. e4 exd5 8. cxd5 d6 9. Qa4+ Nbd7 10. Rb1 Qc8 11. Bg5 Be7 12. Bb5 a6 13. Bc6 Ra7 14. Nge2 Qc7 15. Bxb7 Rxb7 16. Rxb7 Qxb7 17. Qc6 Qb2 18. 0-0 0-0 19. Qxa6 Rb8 20. Rb1 Qc2 21. Rxb8+ Nxb8 22. Qc8+ Bf8 23. Qxb8 h6 24. Bxf6 Qd2 25. Qb1 gxf6 26. a4 Be7 27. h3 f5 28. a5 f4 29. Qc1 Qd3 30. Qxf4 Bf8 31. Qg4+ Bg7 32. Qc8+ Kh7 33. a6 Qd2 34. f4 c4 35. Qxc4 Qe3+ 36. Kh2 Bxc3 37. Qxc3 Qxe2 38. Qa3 Qxe4 39. a7 Qxf4+ 40. Qg3 Qa4 41. Qxd6 Qxa7 42. Qe5 Kg8 43. d6 Qd7 44. Qe7 Qf5 45. Qe2 Qf4+ 46. Kg1 Qxd6 47. g4 Qg3+ 48. Qg2 Qe1+ 49. Qf1 Qxf1+ 50. Kxf1 Kg7 51. Kg2 Kg6 52. Kg3 f5 53. h4 fxg4 54. Kxg4 h5+ 55. Kf4 Kf6 1/2-1/2

[Event "LUX-chABC"]
[Site "Dudelange"]
[Date "1998.04.11"]
[Round "1.16"]
[White "Wuerth, Marc"]
[Black "Muller, Guy"]
[Result "1-0"]
[WhiteElo "2010"]
[BlackElo "1625"]
[PlyCount "107"]
[EventDate "1998.04.11"]
[EventType "swiss"]
[EventRounds "9"]
[EventCountry "LUX"]
[SourceTitle "EXT 2013"]
[Source "ChessBase"]
[SourceDate "2012.11.22"]
[SourceVersion "1"]
[SourceVersionDate "2012.11.22"]
[SourceQuality "1"]

1. d4 e6 2. Bf4 Nf6 3. e3 d5 4. c3 c5 5. Bxb8 Rxb8 6. Qa4+ Bd7 7. Bb5 Bxb5 8. Qxb5+ Qd7 9. Qxd7+ Nxd7 10. dxc5 Bxc5 11. Nd2 Ne5 12. Ke2 Nc4 13. b3 Nxd2 14. Kxd2 a5 15. Nf3 Rc8 16. Ne5 Ba3 17. Rab1 f6 18. Nd3 e5 19. b4 axb4 20. Nxb4 Bxb4 21. Rxb4 Ra8 22. a4 Rf8 23. Rxb7 Rxa4 24. Rhb1 Ra8 25. Rxg7 Rf7 26. Rb7 Ra2+ 27. Ke1 Rxb7 28. Rxb7 e4 29. g3 Rc2 30. Rc7 h5 31. h4 Kd8 32. Rc5 Ke7 33. Rxd5 Rxc3 34. Rxh5 Rc1+ 35. Ke2 Rh1 36. Rd5 Ke6 37. Rd1 Rh2 38. Rg1 Kf7 39. Kf1 Kg6 40. Rg2 Rh1+ 41. Ke2 Kh5 42. f3 f5 43. fxe4 fxe4 44. Rf2 Kg4 45. Rf4+ Kxg3 46. Rxe4 Rxh4 47. Rxh4 Kxh4 48. Kf3 Kg5 49. Ke4 Kf6 50. Kd5 Ke7 51. Ke5 Ke8 52. Ke6 Kf8 53. e4 Ke8 54. e5 1-0

[Event "LUX-ch U16"]
[Site "Luxembourg"]
[Date "1998.02.24"]
[Round "4"]
[White "Hoegener, Claude"]
[Black "Muller, Guy"]
[Result "0-1"]
[WhiteElo "1540"]
[BlackElo "1625"]
[PlyCount "122"]
[EventDate "1998.??.??"]
[EventType "tourn"]
[EventRounds "4"]
[EventCountry "LUX"]
[SourceTitle "EXT 2003"]
[Source "ChessBase"]
[SourceDate "2002.11.25"]
[SourceVersion "1"]
[SourceVersionDate "2002.11.25"]
[SourceQuality "1"]

1. e4 b6 2. Nc3 Bb7 3. Bc4 e6 4. Nf3 Be7 5. 0-0 d6 6. Re1 Nd7 7. d3 Ngf6 8. a3 0-0 9. Ba2 c5 10. b4 Ng4 11. h3 Nge5 12. Nxe5 Nxe5 13. Bf4 Bf6 14. Be3 Nf3+ 15. Qxf3 Bxc3 16. Qe2 Bxa1 17. Rxa1 Qf6 18. Rb1 Qc3 19. Bc1 Qf6 20. Bb2 Qg6 21. Rf1 d5 22. e5 Rab8 23. d4 c4 24. Bb1 Qe4 25. Qd1 Ba6 26. c3 Qh4 27. Kh2 Qe7 28. Bc1 f5 29. f4 Bb5 30. Rg1 Be8 31. a4 a6 32. Bc2 h6 33. Be3 Kh7 34. Bf2 g5 35. Bg3 Qf7 36. Qd2 Qh5 37. Bd1 Qg6 38. Bc2 g4 39. h4 h5 40. Bf2 Rg8 41. g3 Rg7 42. Ra1 Rgb7 43. Qd1 Bc6 44. Be3 Qf7 45. Kg2 Qd7 46. Kf2 a5 47. b5 Bxb5 48. axb5 Qxb5 49. Qc1 Qd7 50. Ra4 Ra7 51. Ra2 b5 52. Qa3 Rbb7 53. Qc5 Qe7 54. Qc6 Qd7 55. Qxd7+ Rxd7 56. Ke2 b4 57. cxb4 axb4 58. Rxa7 Rxa7 59. Kd2 Ra2 60. Kc1 b3 61. Bb1 Rg2 0-1

[Event "LUX-ch U16"]
[Site "Luxembourg"]
[Date "1998.02.22"]
[Round "2"]
[White "Muller, Guy"]
[Black "Biwer, Joel"]
[Result "0-1"]
[WhiteElo "1625"]
[BlackElo "1755"]
[PlyCount "86"]
[EventDate "1998.??.??"]
[EventType "tourn"]
[EventRounds "4"]
[EventCountry "LUX"]
[SourceTitle "EXT 2003"]
[Source "ChessBase"]
[SourceDate "2002.11.25"]
[SourceVersion "1"]
[SourceVersionDate "2002.11.25"]
[SourceQuality "1"]

1. d4 e6 2. c4 d5 3. Nc3 b6 4. Bf4 Bd6 5. Bxd6 Qxd6 6. Nf3 Nf6 7. e3 Bb7 8. cxd5 Nxd5 9. Bd3 Nd7 10. Nxd5 Bxd5 11. e4 Qb4+ 12. Qd2 Qxd2+ 13. Nxd2 Bb7 14. Rc1 Rc8 15. f4 c5 16. Nc4 Ke7 17. dxc5 Nxc5 18. Be2 Bxe4 19. Kf2 Nd3+ 20. Bxd3 Bxd3 21. Ne5 Be4 22. Rhd1 Bd5 23. g3 f6 24. Nf3 Rhd8 25. a3 Bxf3 26. Kxf3 Rxd1 27. Rxd1 Rc2 28. b4 Rxh2 29. Rc1 Rd2 30. Rc7+ Rd7 31. Rxd7+ Kxd7 32. Ke4 Kd6 33. g4 g5 34. fxg5 fxg5 35. a4 a6 36. Kd4 e5+ 37. Ke4 Ke6 38. b5 a5 39. Kd3 Kd5 40. Ke3 e4 41. Kd2 Kd4 42. Ke2 e3 43. Ke1 Kd3 0-1

[Event "LUX-chABC"]
[Site "Dudelange"]
[Date "1997.04.05"]
[Round "8.38"]
[White "Steinmetzer, Jacques"]
[Black "Muller, Guy"]
[Result "1-0"]
[WhiteElo "1580"]
[BlackElo "1500"]
[PlyCount "111"]
[EventDate "1997.03.29"]
[EventType "swiss"]
[EventRounds "9"]
[EventCountry "LUX"]
[SourceTitle "EXT 2013"]
[Source "ChessBase"]
[SourceDate "2012.11.22"]
[SourceVersion "1"]
[SourceVersionDate "2012.11.22"]
[SourceQuality "1"]

1. f4 d5 2. b3 Nf6 3. e3 Bg4 4. Nf3 Nbd7 5. h3 Bf5 6. d3 g6 7. Bb2 Bg7 8. Be2 0-0 9. 0-0 Nb6 10. Nbd2 Bd7 11. Ne5 e6 12. c4 c6 13. Ndf3 Bc8 14. Rc1 Nbd7 15. cxd5 cxd5 16. Qe1 Nxe5 17. Bxe5 Bd7 18. Bc7 Qe7 19. Qh4 Rfc8 20. e4 dxe4 21. dxe4 Re8 22. e5 Nd5 23. Qxe7 Rxe7 24. Bd6 Ree8 25. g3 Ne3 26. Rfe1 Nf5 27. Kh2 Nxd6 28. exd6 Red8 29. Rc7 b6 30. Ne5 Bxe5 31. fxe5 a5 32. Bf3 Rac8 33. Rec1 Kg7 34. Bc6 Bxc6 35. R1xc6 Rxc7 36. Rxc7 Kh6 37. g4 Kg7 38. Kg3 h6 39. h4 g5 40. h5 Kf8 41. Kf3 Ke8 42. Ke4 f6 43. Re7+ Kf8 44. Rxe6 fxe5 45. Kxe5 Kg7 46. Re7+ Kh8 47. Ke6 Rc8 48. d7 Rc6+ 49. Kf7 Rd6 50. Re8+ Kh7 51. d8Q Rxd8 52. Rxd8 b5 53. Rd5 a4 54. Rxb5 axb3 55. Rxb3 Kh8 56. Kg6 1-0